Shakespeare's Kitchen Quiz Stats

Quiz Updated Nov 15, 2011

Challenge
Share
Tweet
Embed
Score 0/145 Timer 14:00
0 Plays Today
Food/Spice/Drink % Correct
wine (general)
92.3%
beer, small beer, ale, alms-drink
87.2%
chickens, hens, woodcocks
86.7%
bread, dough
86.4%
apples, pippins, pomewater
85.7%
water
85.3%
beef, neat
84.5%
milk, skim milk
76.5%
fish (general), dace, poor-john, luce, stockfish
76.1%
oranges
76%
salt, salt-fish, salt-butter
73.3%
pepper, peppers
73.3%
pig
73.1%
potatoes
73%
pork (general)
72.6%
wheat, flour, grain, bran
70.3%
cheese, toasted cheese, banbury cheese
70.2%
fruit, berries, juice (general)
68.8%
cakes, wafer-cakes
68.1%
butter, toasts-and-butter
68.1%
grapes, grape juice
67.8%
warden pie with saffron (Winter's Tale)
65.1%
lamb
64.7%
pie (general)
64.1%
lemons
62.8%
lettuce
62.2%
eggs
62.1%
sugar
61.8%
onions
61.8%
strawberries
61.4%
meat (general), sweetmeats
61.3%
pears
60.9%
curds, cream, whey
60.8%
sack, sherry-sack, sack with lime
59.5%
turkey, turkey-cock
58.8%
nuts (general), acorns, kernels, pignuts
57.4%
corn
57.2%
venison
55.8%
beans
55.1%
bacon
54.7%
mutton
54.6%
duck, wild-duck
54.3%
thyme
52.8%
rice
52.5%
rosemary
50.7%
goose
50.7%
oats, porridge
49.9%
cabbage
49.6%
parsley
49.5%
Food/Spice/Drink % Correct
peas, pease, peascod
48.9%
garlic
48.3%
plums, damsons
47.6%
honey
47.2%
aqua-vitae
46.9%
cherries
46.9%
gin
46%
mead, metheglins
45.8%
Poor Tom's food (King Lear): frogs, toads, mice, rats, dogs, newts, cow dung, etc.
44.4%
stew, broth
44.3%
pudding, custard, pasties
44.2%
veal
43.4%
blackberries
43%
olives
42.4%
barley
42%
conserves
41.7%
almonds
41.5%
pheasant
40.2%
rabbit, hare
39.5%
turnips
39.4%
biscuits
39%
quail
38.2%
sauce (general), gravy
38.1%
walnuts
37.6%
apricots
37.5%
salad, sallet, grass
37.3%
figs, fig-leaf
36.9%
trout
36.2%
squash, marrow
35.9%
crab
35.5%
raisins
35.2%
ginger
35%
pigeons
34.2%
leeks
34%
nutmeg, mace
33.6%
dates
33.6%
shrimp
32.7%
rye
32.4%
radish
32.3%
mustard
32.3%
spices (general)
32.2%
oysters
32.2%
candy, sugar-candy
31.8%
saffron
31.6%
pomegranate
31%
mint
30.7%
liquor, drink (general)
30.4%
mushrooms
30%
pickle, brine, relish
30%
Food/Spice/Drink % Correct
vinegar, esill
29.9%
wild boar
29.5%
pancakes
29.1%
hazelnuts, filberts
27.8%
eels (King Lear), conger
27.6%
mussels
27.3%
herbs, vegetives, roots, wort (general)
27%
syrups (general), poppy, mandragora
26.4%
partridge
26%
gooseberries
25.1%
fowl (general)
24.6%
prunes
24.4%
chestnuts
23.8%
quinces
23%
currants
23%
cloves
22.9%
lenten pie
22.7%
apple-tarts, apple-jacks
22.1%
anchovies (Henry IV)
22%
herring, pickle herring
21.3%
bay leaf
20.7%
prawns
20%
fennel
19.4%
rhubarb
19.4%
marjoram, savoury
17.6%
pike
17.4%
mackerel
17%
capons
16.5%
tripe
16%
cockles
15.9%
bilberries
14.9%
mulberries
14.5%
marzipan (marchpane)
14.5%
gourds, coloquintida (Othello)
14.1%
gingerbread
13.6%
sweet wines: muscadel, bastard, canary
13.4%
Madeira (Henry IV)
13.1%
wormwood
12.4%
dewberries
12.2%
hyssop
12%
malmsey (Love's Labour's Lost)
11.9%
posset
11.7%
cates, dainties
11.5%
eryngoes, kissing-comfits
10.7%
vetches (Tempest)
10.6%
medlar fruit
10.2%
kickshaw
8.7%

You're not logged in!

Compare scores with friends on all Sporcle quizzes.
Join for Free
OR
Log In

You Might Also Like...

Show Comments

Extras

Top Quizzes Today


Score Distribution

Your Account Isn't Verified!

In order to create a playlist on Sporcle, you need to verify the email address you used during registration. Go to your Sporcle Settings to finish the process.

Report this User

Report this user for behavior that violates our Community Guidelines.

Details: